| 000 | 01173nam0a2200313 4500 | ||
|---|---|---|---|
| 001 | RU\NLR\bibl\1193100 | ||
| 005 | 20260408170105.0 | ||
| 010 |
_a978-5-91131-793-5 _92000 |
||
| 021 |
_aRU _b2007-93992 _95075 |
||
| 035 | _a(NLR Aleph) 001179639 | ||
| 090 |
_a1649164 _c1649164 |
||
| 100 | _a20080226d2008 |||y0rusy50 ca | ||
| 101 | 0 | _arus | |
| 102 | _aRU | ||
| 105 | _ay ||||||||| | ||
| 200 | 1 |
_aТайм-менеджмент _eсоздание оптимального расписания дня и эффективная организация рабочего процесса _fН.А. Сидорова, Е.Б. Анисинкова _gИздат.-торг. корп. "Дашков и К°" |
|
| 210 |
_aМосква _cДашков и К° _d2008 |
||
| 215 |
_a218, [1] c. _d20 |
||
| 606 |
_aРабочее время _xИспользование _3RU\NLR\auth\66559887 _91342672 |
||
| 686 | _aУ24(2)41 | ||
| 686 | _aС550.45 | ||
| 700 | 1 |
_aСидорова _bН. А. _4070 |
|
| 701 | 1 |
_aАнисинкова _bЕ. Б. _4070 |
|
| 801 | 0 |
_aRU _bNLR _c20080226 _gRCR |
|
| 801 | 1 |
_aRU _bNLR _c20080226 |
|
| 942 | _cBOOK | ||
| 980 | _aNB | ||